Kanto Region Pokédex - Statistics

General Stats
  • This quiz has been taken 97 times
  • The average score is 90 of 151
Answer Stats
Number Type Pokémon % Correct
001 Grass/Poison Bulbasaur
97%
004 Fire Charmander
97%
006 Fire/Flying Charizard
94%
005 Fire Charmeleon
94%
025 Electric Pikachu
94%
007 Water Squirtle
94%
003 Grass/Poison Venusaur
94%
015 Bug/Poison Beedrill
90%
012 Bug/Flying Butterfree
90%
010 Bug Caterpie
90%
002 Grass/Poison Ivysaur
90%
018 Normal/Flying Pidgeot
90%
016 Normal/Flying Pidgey
90%
013 Bug/Poison Weedle
90%
009 Water Blastoise
87%
017 Normal/Flying Pidgeotto
87%
026 Electric Raichu
87%
011 Bug Metapod
84%
008 Water Wartortle
84%
023 Poison Ekans
81%
129 Water Magikarp
81%
074 Rock/Ground Geodude
77%
014 Bug/Poison Kakuna
77%
019 Normal Rattata
77%
024 Poison Arbok
74%
020 Normal Raticate
74%
021 Normal/Flying Spearow
74%
063 Psychic Abra
71%
065 Psychic Alakazam
71%
022 Normal/Flying Fearow
71%
092 Ghost/Poison Gastly
71%
094 Ghost/Poison Gengar
71%
064 Psychic Kadabra
71%
133 Normal Eevee
68%
076 Rock/Ground Golem
68%
075 Rock/Ground Graveler
68%
130 Water/Flying Gyarados
68%
093 Ghost/Poison Haunter
68%
052 Normal Meowth
68%
144 Ice/Flying Articuno
65%
149 Dragon/Flying Dragonite
65%
136 Fire Flareon
65%
058 Fire Growlithe
65%
135 Electric Jolteon
65%
109 Poison Koffing
65%
068 Fighting Machamp
65%
067 Fighting Machoke
65%
066 Fighting Machop
65%
151 Psychic Mew
65%
150 Psychic Mewtwo
65%
146 Fire/Flying Moltres
65%
089 Poison Muk
65%
029 | 032 Poison Nidoran
65%
095 Rock/Ground Onix
65%
053 Normal Persian
65%
134 Water Vaporeon
65%
059 Fire Arcanine
61%
147 Dragon Dratini
61%
051 Ground Dugtrio
61%
042 Poison/Flying Golbat
61%
088 Poison Grimer
61%
126 Fire Magmar
61%
034 Poison/Ground Nidoking
61%
031 Poison/Ground Nidoqueen
61%
030 Poison Nidorina
61%
033 Poison Nidorino
61%
120 Water Staryu
61%
110 Poison Weezing
61%
145 Electric/Flying Zapdos
61%
041 Poison/Flying Zubat
61%
035 Normal Clefairy
58%
050 Ground Diglett
58%
148 Dragon Dragonair
58%
107 Fighting Hitmonchan
58%
106 Fighting Hitmonlee
58%
131 Water/Ice Lapras
58%
043 Grass/Poison Oddish
58%
077 Fire Ponyta
58%
078 Fire Rapidash
58%
121 Water/Psychic Starmie
58%
036 Normal Clefable
55%
084 Normal/Flying Doduo
55%
044 Grass/Poison Gloom
55%
039 Normal Jigglypuff
55%
056 Fighting Mankey
55%
054 Water Psyduck
55%
027 Ground Sandshrew
55%
028 Ground Sandslash
55%
045 Grass/Poison Vileplume
55%
037 Fire Vulpix
55%
142 Rock/Flying Aerodactyl
52%
069 Grass/Poison Bellsprout
52%
081 Electric Magnemite
52%
082 Electric Magneton
52%
038 Fire Ninetales
52%
046 Bug/Grass Paras
52%
047 Bug/Grass Parasect
52%
060 Water Poliwag
52%
061 Water Poliwhirl
52%
057 Fighting Primeape
52%
080 Water/Psychic Slowbro
52%
079 Water/Psychic Slowpoke
52%
143 Normal Snorlax
52%
072 Water/Poison Tentacool
52%
073 Water/Poison Tentacruel
52%
049 Bug/Poison Venomoth
52%
071 Grass/Poison Victreebel
52%
070 Grass/Poison Weepinbell
52%
040 Normal Wigglytuff
52%
113 Normal Chansey
48%
085 Normal/Flying Dodrio
48%
055 Water Golduck
48%
124 Ice/Psychic Jynx
48%
140 Rock/Water Kabuto
48%
062 Water/Fighting Poliwrath
48%
048 Bug/Poison Venonat
48%
100 Electric Voltorb
48%
125 Electric Electabuzz
45%
103 Grass/Psychic Exeggutor
45%
097 Psychic Hypno
45%
115 Normal Kangaskhan
45%
122 Psychic Mr. Mime
45%
123 Bug/Flying Scyther
45%
119 Water Seaking
45%
132 Normal Ditto
42%
101 Electric Electrode
42%
102 Grass/Psychic Exeggcute
42%
118 Water Goldeen
42%
141 Rock/Water Kabutops
42%
127 Bug Pinsir
42%
112 Ground/Rock Rhydon
42%
111 Ground/Rock Rhyhorn
42%
117 Water Seadra
42%
114 Grass Tangela
42%
087 Water/Ice Dewgong
39%
083 Normal/Flying Farfetch'd
39%
116 Water Horsea
39%
108 Normal Lickitung
39%
086 Water Seel
39%
128 Normal Tauros
39%
091 Water/Ice Cloyster
35%
096 Psychic Drowzee
35%
138 Rock/Water Omanyte
35%
139 Rock/Water Omastar
35%
137 Normal Porygon
29%
090 Water Shellder
29%
104 Ground Cubone
26%
099 Water Kingler
26%
098 Water Krabby
26%
105 Ground Marowak
26%
No matching quizzes found
Score Distribution
Percent of People with Each Score
Percentile by Number Answered
Your Score History
You have not taken this quiz